| 000 | 01151nam a2200241 a 4500 | ||
|---|---|---|---|
| 999 |
_c447624 _d447624 |
||
| 003 | BLK | ||
| 005 | 20230628141502.0 | ||
| 008 | 220308b bu |||||r|||| 00| | bu d | ||
| 040 | _aBLK | ||
| 041 |
_aBUL _cBUL |
||
| 080 |
_aТуризмът от стопанско гледище. Политика по отношение на туризма. Икономика и организация на туризма. Вътрешен и международен туризъм. Вж и 379.8 _b338.48 _x(497.215)(062) _z338.48(497.215(062) |
||
| 139 | _bМ 49 | ||
| 245 |
_aМероприятия за развитието на стопанския туризъм в Русенски окръг през 1968 г. _h[Малотир. изд.] |
||
| 260 |
_9441842 _aРусе _bб. и. _c1968 |
||
| 300 |
_a30 с. _c20 см |
||
| 380 | _a3 | ||
| 500 | _aКомитет за съдействие и развитие на туризма при ОК ОНС - Русе. | ||
| 651 | 7 |
_9179464 _aРусенско |
|
| 653 | 7 |
_9197520 _aстопански туризъм |
|
| 852 |
_bК _cК 338/М 49 |
||
| 942 |
_cKNG _n0 _s1 _01 |
||
| 944 |
_aCR _c2022-03-08 _kА.М. |
||